000 00777nam a2200253Ia 4500
003 OSt
005 20220928123439.0
006 a|||||r|||| 00| 0
007 ta
008 220927b |||||||| |||| 00| 0 eng d
020 _cIndian Rupees 545
024 _a132320
037 _bGift, 04/01/2017,
_cTextual
040 _aSDCL
_cSDCL
_beng
041 _2eng
_aeng
082 _aCN1, P6
100 _aMuller-Kirsten Harald J. W.
_9461160
245 0 _aIntroduction to quantum mechanics
_b Schrodinger equation and path integral
260 _aNew Delhi
_bCambridge University Press
_c2010
300 _axix;805p.
_ccm.
650 _aGift
_9391569
942 _hCN1, P6
_cTEXL
_2CC
999 _c774226
_d774226